| 000 | 00540cam a2200181 4500500 | ||
|---|---|---|---|
| 005 | 20260329003919.0 | ||
| 041 | _afre | ||
| 042 | _adc | ||
| 100 | 1 | 0 |
_aDenieuil, Marie _eauthor |
| 245 | 0 | 0 | _aPourquoi fait-on des collections ? |
| 260 | _c2017. | ||
| 500 | _a86 | ||
| 690 | _aBaudrillard | ||
| 690 | _aGoffman | ||
| 690 | _aLeibniz | ||
| 786 | 0 | _nPhilosophie magazine | 112 | 9 | 2017-09-01 | p. 32-32 | 1951-1787 | |
| 856 | 4 | 1 | _uhttps://shs.cairn.info/magazine-philosophie-magazine-2017-9-page-32?lang=fr&redirect-ssocas=7080 |
| 999 |
_c1828920 _d1828920 |
||